[Event "Madurai op 1st"]
[Site "Madurai"]
[Date "2017.08.14"]
[Round "5"]
[White "Murali Krishnan, BT."]
[Black "Bharkavi, S."]
[Result "1-0"]
[WhiteElo "2219"]
[BlackElo "1569"]
[PlyCount "120"]
[EventDate "2017.08.12"]
[EventType "swiss"]
[EventRounds "8"]
[EventCountry "IND"]
[SourceTitle "CBM 180 Extra"]
[Source "ChessBase"]
[SourceDate "2017.10.06"]
[SourceVersion "1"]
[SourceVersionDate "2017.10.06"]
[SourceQuality "1"]

1. d4 d5 2. c4 c6 3. Nf3 e6 4. Qc2 Nf6 5. g3 Bd6 6. Bg2 0-0 7. 0-0 b6 8. Nbd2 Bb7 9. e4 dxe4 10. Nxe4 Nxe4 11. Qxe4 Nd7 12. Ne5 Nxe5 13. dxe5 Bc5 14. Be3 Qe7 15. Rfd1 Rad8 16. Bxc5 Qxc5 17. Bf3 Qe7 18. b3 h6 19. h4 Qc7 20. b4 Ba8 21. Rxd8 Rxd8 22. Rd1 Rxd1+ 23. Bxd1 Bb7 24. Bf3 Ba6 25. Qd4 c5 26. Qd6 Qc8 27. b5 Bb7 28. Bc6 g6 29. a4 a6 30. Bd7 Qa8 31. Qxb6 axb5 32. cxb5 Be4 33. Bc6 Qxa4 34. Bxe4 Qxe4 35. Qxc5 Qb1+ 36. Kh2 Qb2 37. b6 Kg7 38. Kg2 Qb1 39. Qc6 Qb2 40. Qc7 Qd4 41. b7 Qe4+ 42. Kh2 Qd4 43. Qc2 Qb6 44. Qe4 Qxf2+ 45. Qg2 Qb6 46. Qf3 Qb2+ 47. Kh3 Qxe5 48. Qb3 Qb8 49. Qc3+ Kh7 50. Qc8 Qe5 51. b8Q Qf5+ 52. Kg2 Qe4+ 53. Kf2 Qd4+ 54. Ke2 Qe4+ 55. Kd2 Qg2+ 56. Kc3 Qf3+ 57. Kb2 Qf2+ 58. Qc2 Qd4+ 59. Qc3 Qf2+ 60. Ka3 Qb6 1-0

[Event "IND-chT (Women) 11th"]
[Site "Hyderabad"]
[Date "2013.02.24"]
[Round "5.2"]
[White "Nimmy, A George"]
[Black "Bharkavi, S."]
[Result "1-0"]
[WhiteElo "2155"]
[BlackElo "1629"]
[PlyCount "95"]
[EventDate "2013.02.20"]
[EventType "team-swiss"]
[EventRounds "7"]
[EventCountry "IND"]
[SourceTitle "CBM 153 Extra"]
[Source "ChessBase"]
[SourceDate "2013.04.22"]
[SourceVersion "1"]
[SourceVersionDate "2013.04.22"]
[SourceQuality "1"]
[WhiteTeam "Airports Authority (W)"]
[BlackTeam "Tamil Nadu (W)"]
[WhiteTeamCountry "IND"]
[BlackTeamCountry "IND"]

1. e4 e5 2. Nf3 Nc6 3. Bb5 a6 4. Ba4 d6 5. c3 f5 6. exf5 Bxf5 7. 0-0 Bd3 8. Re1 Be7 9. Bc2 e4 10. Bxd3 exd3 11. Re3 Nf6 12. Rxd3 Qd7 13. Re3 0-0-0 14. d4 d5 15. Nbd2 Rhe8 16. b4 Bd6 17. Nf1 Ne4 18. a4 Ne7 19. Qb3 g5 20. Re1 h6 21. Ng3 g4 22. Nd2 Nxg3 23. hxg3 Qf5 24. Nf1 h5 25. b5 a5 26. b6 c6 27. Ba3 Rf8 28. Ra2 Ng6 29. Bxd6 Rxd6 30. Qa3 Kd7 31. Rae2 Qf6 32. Qc1 Rh8 33. Re3 h4 34. Qd1 Qg5 35. Nh2 Kd8 36. Qxg4 Qf6 37. Re6 Qf8 38. Qxg6 Rd7 39. gxh4 Rf7 40. Re8+ Qxe8 41. Rxe8+ Kxe8 42. Ng4 Kf8 43. Ne5 Rg7 44. Qf6+ Kg8 45. g4 Rgh7 46. Ng6 Rh6 47. Qf8+ Kh7 48. Qf7# 1-0